000 00489nam a2200157 4500
001 120068
003 ES-MaACL
005 20230906191447.0
007 t|
008 070214s1979 sp r ||||1| spa d
100 1 _aPérez de Urbel, Justo.
_990812
245 1 0 _aGarcía Fernández
_b: ( el conde de las bellas manos) /
_cFray Justo Pérez de Urbel.
260 _aBurgos :
_bDiputación Provincial,
_c1979.
300 _a171 p. :
_bil. ;
_c30 cm.
852 _aES-MaACL
_jA-10082
_bR.99021
999 _c120068
_d120068